000 00287nam a22001337a 4500
008 180221b xxu||||| |||| 00| 0 eng d
020 _a9781256444633
041 _aeng
080 _a51
100 _a36
101 _aMAT
245 _aCollege trigonometry
_cLial,M.L
942 _2udc
_cBK
999 _c43055
_d43055